Statistiques concernant Les meilleurs buteurs de l'histoire de la Roma

Cliquez ici pour prendre le quiz!

Statistiques générales

  • Ce quiz a été pris 15 fois
  • Le résultat moyen est 2 sur 10

Statistiques - réponses

ButsNationalitéJoueur% Correct
307ItalieFrancesco Totti
100%
119Bosnie-HerzégovineEdin Džeko
93%
94ItalieVincenzo Montella
7%
87ArgentineAbel Balbo
0%
111ItalieAmedeo Amadei
0%
75ItalieGiuseppe Giannini
0%
83ItalieMarco Delvecchio
0%
76ArgentinePedro Waldemar Manfredini
0%
138ItalieRoberto Pruzzo
0%
106ItalieRodolfo Volk
0%

Distribution des résultats

Percentile par nombre de réponses

% des personnes avec chaque résultat

Votre développement - résultats

Vous n’avez pas pris ce quiz